000
00288nam a22001337a 4500
008
171009b xxu||||| |||| 00| 0 eng d
020
_a
9780073354446
041
_a
eng
080
_a
159.9
100
_a
49
101
_a
PSI
245
_a
CRITICAL THINKING
_c
MOORE,B.N
942
_2
udc
_c
BK
999
_c
32582
_d
32582